QoS Management of Web Services

Quality-of-Service (QoS) is normally used to describe the non-functional characteristics of Web services and as a criterion for evaluating different Web services. QoS Management of Web Services presents an innovative QoS evaluation framework for these services. Moreover, three QoS prediction methods...

Full description

Bibliographic Details
Main Authors: Zheng, Zibin (Author), Lyu, Michael R. (Author)
Corporate Author: SpringerLink (Online service)
Format: Electronic eBook
Language:English
Published: Berlin, Heidelberg : Springer Berlin Heidelberg : Imprint: Springer, 2013.
Series:Advanced Topics in Science and Technology in China,
Subjects:
Online Access:Full Text via HEAL-Link
LEADER 03065nam a22005415i 4500
001 978-3-642-34207-3
003 DE-He213
005 20151204154459.0
007 cr nn 008mamaa
008 130202s2013 gw | s |||| 0|eng d
020 |a 9783642342073  |9 978-3-642-34207-3 
024 7 |a 10.1007/978-3-642-34207-3  |2 doi 
040 |d GrThAP 
050 4 |a QA76.758 
072 7 |a UMZ  |2 bicssc 
072 7 |a COM051230  |2 bisacsh 
082 0 4 |a 005.1  |2 23 
100 1 |a Zheng, Zibin.  |e author. 
245 1 0 |a QoS Management of Web Services  |h [electronic resource] /  |c by Zibin Zheng, Michael R. Lyu. 
264 1 |a Berlin, Heidelberg :  |b Springer Berlin Heidelberg :  |b Imprint: Springer,  |c 2013. 
300 |a XII, 150 p. 42 illus.  |b online resource. 
336 |a text  |b txt  |2 rdacontent 
337 |a computer  |b c  |2 rdamedia 
338 |a online resource  |b cr  |2 rdacarrier 
347 |a text file  |b PDF  |2 rda 
490 1 |a Advanced Topics in Science and Technology in China,  |x 1995-6819 
505 0 |a Introduction -- Background Review -- QoS Evaluation of Web Services -- Neighborhood-based QoS Prediction of Web Services -- Model-based QoS Prediction of Web Services -- Ranking-based QoS Prediction of Web Services -- QoS-aware Fault Tolerance for Web Services -- QoS-aware Selection Framework for Web Services -- Conclusion and Future Work. 
520 |a Quality-of-Service (QoS) is normally used to describe the non-functional characteristics of Web services and as a criterion for evaluating different Web services. QoS Management of Web Services presents an innovative QoS evaluation framework for these services. Moreover, three QoS prediction methods and two methods for creating fault-tolerant Web services are also proposed in this book. It not only provides the latest research findings, but also presents an excellent overview of the QoS management of Web services, making it a valuable resource for researchers and graduate students in service computing.   Zibin Zheng is an associate research fellow at the Shenzhen Research Institute, the Chinese University of Hong Kong, China. Professor Michael R. Lyu also works at the same institute. 
650 0 |a Computer science. 
650 0 |a Information technology. 
650 0 |a Business  |x Data processing. 
650 0 |a Computer communication systems. 
650 0 |a Software engineering. 
650 0 |a Management information systems. 
650 1 4 |a Computer Science. 
650 2 4 |a Software Engineering. 
650 2 4 |a Information Systems Applications (incl. Internet). 
650 2 4 |a IT in Business. 
650 2 4 |a Management of Computing and Information Systems. 
650 2 4 |a Computer Communication Networks. 
700 1 |a Lyu, Michael R.  |e author. 
710 2 |a SpringerLink (Online service) 
773 0 |t Springer eBooks 
776 0 8 |i Printed edition:  |z 9783642342066 
830 0 |a Advanced Topics in Science and Technology in China,  |x 1995-6819 
856 4 0 |u http://dx.doi.org/10.1007/978-3-642-34207-3  |z Full Text via HEAL-Link 
912 |a ZDB-2-SCS 
950 |a Computer Science (Springer-11645)